00489nam a22001697a 450000500170000001000150001702000260003203500130005803700130007108200120008410000180009624500550011426000420016927000380021130000200024950000500026920160803111954.0 aENG-115561 a9788170174530c450.00 aEN-99093 bDBAD/PUB a615.538 aJain,Mukesh D aAyurvedic panchkarama and yoga /cby Mukesh D.Jain aNew DelhibAbhinav Publicationsc2016 aE-37 Hauz KhasbNew Delhie110016 a129p.c22cm(Hb) aIncludes bibliographical references and index